000 01031pam a2200337 i 4500
999 _c858
_d858
001 017999989
003 Uk
005 20191223151811.0
008 160721r20162003enka j 001|0|eng|d
015 _aGBB6C3543
_2bnb
016 7 _a017999989
_2Uk
020 _a9781407167022 (paperback) :
040 _aStDuBDS
_beng
_cStDuBDS
_dUk
_erda
042 _aukblcatcopy
082 0 4 _a937 DEA
_223
100 1 _aDeary, Terry,
_eauthor.
245 1 0 _aRuthless Romans /
_cTerry Deary ; illustrated by Martin Brown.
264 1 _aLondon :
_bScholastic,
_c2016.
300 _a140 pages :
_billustrations (black and white) ;
_c20 cm.
336 _atext
_2rdacontent
336 _astill image
_2rdacontent
337 _aunmediated
_2rdamedia
338 _avolume
_2rdacarrier
490 0 _aHorrible histories
500 _aIncludes index.
500 _aOriginally published: 2003.
500 _aFormerly CIP.
_5Uk
651 0 _aRome
_xHistory
_vJuvenile literature.
700 1 _aBrown, Martin,
_d1959-
_eillustrator.
942 _2ddc
_cNFIC